Science Quiz

Random Science or Clickable Quiz

Trust Me, I'm a Doctor Quiz Stats

Quiz Updated Feb 23, 2016

Challenge
Share
Tweet
Embed
Score 0/37 Timer 09:00
2 Plays Today
% Correct
Pediatrician
96.7%
Cardiologist
95.9%
Dermatologist
92.7%
Neurologist
87.7%
Radiologist
87.2%
Gynecologist
85.4%
Urologist
83.7%
Gastroenterologist
83.3%
Ophthalmologist
83.1%
Oncologist
81.1%
Psychiatrist
80.8%
Geriatrician
80%
Toxicologist
80%
Plastic surgeon
77.8%
Obstetrician
76.7%
Virologist
74.7%
Epidemiologist
74.7%
Hematologist
73.3%
Neonatologist
72.4%
% Correct
Internist
72.2%
Pulmonologist
71%
Endocrinologist
69.1%
Venereologist
67.5%
Orthopedic surgeon
67%
Proctologist
66.7%
Intensivist
66.5%
Rheumatologist
66%
Epileptologist
63.4%
Anesthesiologist
63.3%
Vascular surgeon
59%
Physiatrist
57.8%
Otolaryngologist
56%
Bariatrician
53%
Immunologist
51.9%
Hepatologist
47.1%
Nephrologist
45.6%
Pathologist
45.1%

You're not logged in!

Compare scores with friends on all Sporcle quizzes.
Sign Up with Email
OR
Log In

You Might Also Like...

Show Comments

Extras

Top Quizzes Today


Score Distribution

Your Account Isn't Verified!

In order to create a playlist on Sporcle, you need to verify the email address you used during registration. Go to your Sporcle Settings to finish the process.